Statistics for The Strokes Lyrics - Heart In A Cage

Click here to take the quiz!

General Stats

  • This quiz has been taken 30 times
  • The average score is 152 of 191

Answer Stats

Lyrics% Correct
a
100%
And
100%
and
100%
be
100%
cage
100%
don't
100%
he
100%
heart
100%
I
100%
in
100%
the
100%
when
100%
I'm
95%
my
95%
we
95%
you
95%
your
95%
but
89%
feel
89%
it's
89%
its
89%
me,
89%
me
89%
Oh,
89%
So
89%
around,
84%
around
84%
beats
84%
better
84%
f***ing
84%
ground
79%
I've
79%
stuck
79%
to
79%
what
79%
will
79%
already
74%
left
74%
left,
74%
See,
74%
want
74%
want,
74%
were
74%
belong
68%
city
68%
field
68%
got
68%
learned
68%
lesson
68%
teach
68%
Well,
68%
write
68%
Yeah,
68%
you're
68%
at
63%
burn
63%
children
63%
shining
63%
sun
63%
too
63%
went
63%
All
58%
'cause
58%
concert
58%
crowd
58%
fire
58%
morning
58%
no
58%
sorry
58%
three
58%
us
58%
Yes,
58%
alone
53%
excited
53%
fought
53%
gets
53%
not
53%
steal
53%
thinking
53%
thought
53%
through
53%
friends,
47%
just
47%
laughing
47%
Look
47%
myself
47%
of
47%
they're
47%
would
47%
eating
42%
mistrust
42%
one
42%
our
42%
quite
42%
there's
42%
those
42%
else
37%
Guess
37%
Help
37%
loved,
37%
Now
37%

Score Distribution

Percentile by Number Answered

Percent of People with Each Score

Your Score History

You have not taken this quiz